000 00594nam a2200217Ia 4500
003 OSt
005 20221007071306.0
006 a|||||r|||| 00| 0
007 ta
008 221006b |||||||| |||| 00| 0 eng d
024 _a25,219
037 _cReports / Technical Reports
040 _aFLL
_cFLL
_beng
041 _2eng
_aeng
082 _aZ3:AqN4, G9.1
245 0 _aEmergency legislation service
260 _aLondon
_bButterworth & Co. UK
_c1939
300 _alxxvi,31p
_ccm.
942 _hZ3:AqN4, G9.1
_cREP
_2CC
999 _c1142964
_d1142964